Statistics for Total Drama Characters

Click here to take the quiz!

General Stats

  • This quiz has been taken 140 times
    (116 since last reset)
  • The average score is 34 of 52

Answer Stats

Answer % Correct
B
97%
Heather
94%
Gwen
94%
Cody
92%
Owen
90%
Courtney
89%
Alejandro
87%
Duncan
87%
Justin
84%
Noah
84%
Beth
84%
Sierra
83%
Trent
81%
Bridgette
81%
Lindsay
79%
DJ
78%
Izzy
78%
Geoff
78%
Ezekiel
76%
Harold
76%
Lightning
76%
Leshawna
76%
Cameron
75%
Eva
75%
Scott
75%
Katie
75%
Mike
73%
Sadie
73%
Tyler
73%
Zoey
71%
Jo
67%
Sam
67%
Dakota
63%
Brick
54%
Dawn
54%
Anne-Maria
52%
Sky
49%
Shawn
46%
Beardo
44%
Dave
44%
Amy
44%
Sugar
43%
Scarlett
43%
Max
41%
Staci
40%
Leonard
40%
Ella
38%
Jasmine
37%
Samey
35%
Blaineley
35%
Topher
35%
Rodney
33%

Score Distribution

Percentile by Number Answered

Percent of People with Each Score

Your Score History

You have not taken this quiz since the last reset